Welcome to WEB OPAC of MRSPTU Central Library

A textbook of machine design (Record no. 5903)

MARC details
000 -LEADER
fixed length control field 00445nam a2200181Ia 4500
008 - FIXED-LENGTH DATA ELEMENTS--GENERAL INFORMATION
fixed length control field 230711s9999||||xx |||||||||||||| ||und||
020 ## - INTERNATIONAL STANDARD BOOK NUMBER
International Standard Book Number 978-93-5014-281-3
041 ## - LANGUAGE CODE
Language code of text/sound track or separate title ENG
082 ## - DEWEY DECIMAL CLASSIFICATION NUMBER
Classification number 621.815
Item number SH-M
100 ## - MAIN ENTRY--PERSONAL NAME
Personal name Sharma,P.C
245 #2 - TITLE STATEMENT
Title A textbook of machine design
250 ## - EDITION STATEMENT
Edition statement 12th Ed.
260 ## - PUBLICATION, DISTRIBUTION, ETC.
Date of publication, distribution, etc. 1992
Place of publication, distribution, etc. Delhi
Name of publisher, distributor, etc. S.K Kataria & Sons
300 ## - PHYSICAL DESCRIPTION
Extent 1065p.
650 ## - SUBJECT ADDED ENTRY--TOPICAL TERM
Topical term or geographic name entry element Mechanical Engineering
700 ## - ADDED ENTRY--PERSONAL NAME
Personal name Aggarwal,D.K
942 ## - ADDED ENTRY ELEMENTS (KOHA)
Koha item type Book
Holdings
Withdrawn status Lost status Damaged status Not for loan Collection Home library Current library Date acquired Cost, normal purchase price Inventory number Total checkouts Full call number Barcode Date last seen Price effective from Koha item type Date last checked out Date due
          MRSPTU Central Library MRSPTU Central Library   495.00 742483   621.815 SH-M 31823 08/17/2023 08/17/2023 Book    
          MRSPTU Central Library MRSPTU Central Library   495.00 742483   621.815 SH-M 31824 08/17/2023 08/17/2023 Book    
          MRSPTU Central Library MRSPTU Central Library   495.00 742483 2 621.815 SH-M 31825 05/22/2025 08/17/2023 Book 03/27/2025  
          MRSPTU Central Library MRSPTU Central Library   495.00 742483 6 621.815 SH-M 31826 04/15/2026 08/17/2023 Book 04/15/2026 05/06/2026
          MRSPTU Central Library MRSPTU Central Library   495.00 742483   621.815 SH-M 31827 08/17/2023 08/17/2023 Book    
          MRSPTU Central Library MRSPTU Central Library   495.00 742483 2 621.815 SH-M 31828 05/22/2025 08/17/2023 Book 04/09/2025  
          MRSPTU Central Library MRSPTU Central Library   495.00 742483 6 621.815 SH-M 31829 03/05/2026 08/17/2023 Book 03/05/2026  
          MRSPTU Central Library MRSPTU Central Library   495.00 742483 1 621.815 SH-M 31830 07/19/2024 08/17/2023 Book 03/18/2024  
          MRSPTU Central Library MRSPTU Central Library   495.00 742483 4 621.815 SH-M 31831 05/22/2025 08/17/2023 Book 03/27/2025  
          MRSPTU Central Library MRSPTU Central Library   495.00 742483 4 621.815 SH-M 31832 06/27/2024 08/17/2023 Book 05/08/2024  

Website Designed and Developed by MRSPTU Central Library Team

E-mail Id: librarian@mrsptu.ac.in